Enciclopedia Carroggio del hogar / (Registro nro. 15516)
[ vista simple ]
| 000 -LEADER | |
|---|---|
| fixed length control field | 01042nam a22003137a 4500 |
| 003 - CONTROL NUMBER IDENTIFIER | |
| control field | OSt |
| 005 - DATE AND TIME OF LATEST TRANSACTION | |
| control field | 20210406104712.0 |
| 008 - FIXED-LENGTH DATA ELEMENTS--GENERAL INFORMATION | |
| fixed length control field | 210406s1980 sp aoc|gr|||| 00| 0 spa d |
| 020 ## - INTERNATIONAL STANDARD BOOK NUMBER | |
| International Standard Book Number | 8472541711 |
| Qualifying information | Obra completa |
| 020 ## - INTERNATIONAL STANDARD BOOK NUMBER | |
| International Standard Book Number | 847254172X |
| Qualifying information | v.1 |
| 020 ## - INTERNATIONAL STANDARD BOOK NUMBER | |
| International Standard Book Number | 8472541738 |
| Qualifying information | v.2 |
| 020 ## - INTERNATIONAL STANDARD BOOK NUMBER | |
| International Standard Book Number | 8472541746 |
| Qualifying information | v.3 |
| 020 ## - INTERNATIONAL STANDARD BOOK NUMBER | |
| International Standard Book Number | 8472541754 |
| Qualifying information | v.4 |
| 020 ## - INTERNATIONAL STANDARD BOOK NUMBER | |
| International Standard Book Number | 8472541762 |
| Qualifying information | v.5 |
| 020 ## - INTERNATIONAL STANDARD BOOK NUMBER | |
| International Standard Book Number | 8472541770 |
| Qualifying information | v.6 |
| 020 ## - INTERNATIONAL STANDARD BOOK NUMBER | |
| International Standard Book Number | 8472541789 |
| Qualifying information | v.7 |
| 020 ## - INTERNATIONAL STANDARD BOOK NUMBER | |
| International Standard Book Number | 8472541797 |
| Qualifying information | v.8 |
| 040 ## - CATALOGING SOURCE | |
| Original cataloging agency | CO-JMCR |
| Transcribing agency | CO-JMCR |
| 041 0# - LANGUAGE CODE | |
| Language code of text/sound track or separate title | spa |
| 082 04 - DEWEY DECIMAL CLASSIFICATION NUMBER | |
| Classification number | R / 640.3 / |
| Item number | E561e |
| Edition number | 21 |
| 245 00 - TITLE STATEMENT | |
| Title | Enciclopedia Carroggio del hogar / |
| 250 ## - EDITION STATEMENT | |
| Edition statement | Segunda edición |
| 260 ## - PUBLICATION, DISTRIBUTION, ETC. | |
| Place of publication, distribution, etc. | Barcelona : |
| Name of publisher, distributor, etc. | Carroggio, |
| Date of publication, distribution, etc. | 1980 |
| 300 ## - PHYSICAL DESCRIPTION | |
| Extent | 8 volúmenes : |
| Other physical details | ilustraciones, fotografías y retratos a color ; |
| Dimensions | 23 cm. |
| 490 0# - SERIES STATEMENT | |
| Series statement | Biblioteca Cultural Carroggio |
| 505 0# - FORMATTED CONTENTS NOTE | |
| Miscellaneous information | v.1. |
| Title | Vivienda |
| Miscellaneous information | v.2. |
| Title | Economía |
| Miscellaneous information | v.3. |
| Title | Hogar |
| Miscellaneous information | v.4. |
| Title | Belleza |
| Miscellaneous information | v.5. |
| Title | matrimonio |
| Miscellaneous information | v.6. |
| Title | Los hijos |
| Miscellaneous information | v.7. |
| Title | Alimentación |
| Miscellaneous information | v.8. |
| Title | Cocina |
| 650 14 - SUBJECT ADDED ENTRY--TOPICAL TERM | |
| Topical term or geographic name entry element | Economía doméstica |
| Form subdivision | Enciclopedias |
| 9 (RLIN) | 36619 |
| 942 ## - ADDED ENTRY ELEMENTS (KOHA) | |
| Source of classification or shelving scheme | Dewey Decimal Classification |
| Koha item type | Books |
| Withdrawn status | Lost status | Source of classification or shelving scheme | Damaged status | Not for loan | Collection code | Home library | Current library | Date acquired | Source of acquisition | Total Checkouts | Full call number | Barcode | Date last seen | Copy number | Price effective from | Koha item type | Date last checked out |
|---|---|---|---|---|---|---|---|---|---|---|---|---|---|---|---|---|---|
| Dewey Decimal Classification | Non-fiction | Biblioteca Pública José María del Castillo y Rada | Biblioteca Pública José María del Castillo y Rada | 10/02/2020 | Donación | R / 640.3 / E561e | 201811015 | 04/06/2021 | V.1 / Ej.1 | 04/06/2021 | Books | ||||||
| Dewey Decimal Classification | Non-fiction | Biblioteca Pública José María del Castillo y Rada | Biblioteca Pública José María del Castillo y Rada | 10/02/2020 | Donación | R / 640.3 / E561e | 201811014 | 04/06/2021 | V.2 / Ej.1 | 04/06/2021 | Books | ||||||
| Dewey Decimal Classification | Non-fiction | Biblioteca Pública José María del Castillo y Rada | Biblioteca Pública José María del Castillo y Rada | 10/02/2020 | Donación | R / 640.3 / E561e | 201811013 | 04/06/2021 | V.3 / Ej.1 | 04/06/2021 | Books | ||||||
| Dewey Decimal Classification | Non-fiction | Biblioteca Pública José María del Castillo y Rada | Biblioteca Pública José María del Castillo y Rada | 10/02/2020 | Donación | R / 640.3 / E561e | 201811012 | 04/06/2021 | V.4 / Ej.1 | 04/06/2021 | Books | ||||||
| Dewey Decimal Classification | Non-fiction | Biblioteca Pública José María del Castillo y Rada | Biblioteca Pública José María del Castillo y Rada | 10/02/2020 | Donación | R / 640.3 / E561e | 201811011 | 04/06/2021 | V.5 / Ej.1 | 04/06/2021 | Books | ||||||
| Dewey Decimal Classification | Non-fiction | Biblioteca Pública José María del Castillo y Rada | Biblioteca Pública José María del Castillo y Rada | 10/02/2020 | Donación | R / 640.3 / E561e | 201811030 | 04/06/2021 | V.6 / Ej.1 | 04/06/2021 | Books | ||||||
| Dewey Decimal Classification | Non-fiction | Biblioteca Pública José María del Castillo y Rada | Biblioteca Pública José María del Castillo y Rada | 10/02/2020 | Donación | R / 640.3 / E561e | 201811029 | 04/06/2021 | V.7 / Ej.1 | 04/06/2021 | Books | ||||||
| Dewey Decimal Classification | Non-fiction | Biblioteca Pública José María del Castillo y Rada | Biblioteca Pública José María del Castillo y Rada | 10/02/2020 | Donación | 2 | R / 640.3 / E561e | 201811028 | 05/29/2023 | V.8 / Ej.1 | 04/06/2021 | Books | 05/29/2023 |